1539 1149 1943 1179 1096 1875 1110 1343 1314 1960 1595 1465 1765 1485 1599 1701 1188 1488 1877 1354 1490 1454 1091 1823 1059 1781 1710 1669 1388 1253 1876 1124 1804 1194 1280 1654 1777 1371 1904 1273 1977 1617 1299 1160 1440 1673 1368 1381 1410 1853 1124 1460 1613 1769 1024 1480 1095 1686 1383 1081 1260 1140 1552 1800 1096 1651 1157 1121 1942 1288 1932 1966 1866 1422 1498 1073 1258 1385 1735 1772 1837 1051 1533 1765 1063 1440 1821 1022 1057 1937 1949 1313 1223 1016 1884 1790 1210 1713 1014 BCNSPRNW ULIB Ver.6.0+V

เปลี่ยนเป็นภาษาไทย

Change to English
 แสดงรายละเอียดบรรณานุกรม
  กลับหน้าหลัก

Brief Record : Get Marc (ISO 2709) : E-mail record : QR code < ปิดหน้าต่าง
LEADER : 00000nam 2200000uu 4500
001    13399108326
003     ULIB
008    110301s2551||||th 000 0 tha d
020    9789743452529
060 04 WY100.4^bว528ข 2551
100 0  วิจิตรา กุสุมภ์
245 10 ข้อวินิจฉัยการพยาบาลตามรูปแบบของ NANDA =^b(NANDA nursingdiagnosis) /^bวิจิตรา กุสุมภ์, อรุณี เฮงยศมาก
246 31 (NANDA nursing diagnosis)
250    พิมพ์ครั้งที่ 2
260    กรุงเทพฯ :^bบพิธการพิมพ์,^c2551
300    0122 หน้า ;^c21 ซม.
650  7 การพยาบาล, การวินิจฉัย
700 0  วิจิตรา กุสุมภ์
700 0  อรุณี เฮงยศมาก
945    ^p100^l0^i024811
945    ^p100^l0^i025182
999 ^a ใช้งานได้ทุกระบบ
รายการนี้ยังไม่มีแท็ก
คุณยังไม่ได้ล็อกอิน คุณสามารถมีกิจกรรมร่วมกับเว็บไซต์ได้ แต่ต้องล็อกอินก่อน ::
  ล็อกอิน

รายการสื่อสารสนเทศ

ลำดับที่ ประเภท เลขเรียก/บาร์โค้ด สถานที่ สถานะ
1. Book การพยาบาล
Book การพยาบาล
WY100.4 ว528ข 2551 ฉ.1 
  Barcode: 024811
ห้องสมุดวิทยาเขตนครสวรรค์
►หนังสือทั่วไป:l:General Books
บนชั้น

รายการใกล้เคียง
    ผู้แต่ง [วิจิตรา กุสุมภ์]

    หัวเรื่อง [การพยาบาล, การวินิจฉัย]

BibComment


ยังไม่เคยถูกคอมเมนท์

คอมเมนท์ทรัพยากรรายการนี้
  คอมเมนท์: ข้อวินิจฉัยการพยา..


 Copyright 2026. Bcnsprnw @Library